Get the Picture: Pie Charts Quiz Stats

 Plays Quiz Updated Mar 17, 2019

Score 0/12 Timer 03:00
2 Plays Today
Question Answer Wrong Answers
US Big 4 Sports
(A) Use a ball
(B) No ball used
A 75%, B 25%
79.4%
A 25%, B 75%
6.8%
A 50%, B 50%
5.9%
World Countries
(A) Starting with Q
(B) Starting with J
A 25%, B 75%
67.4%
A 50%, B 50%
17.3%
A 75%, B 25%
7.8%
Pac-Man Ghosts
(A) Rhyme with slinky
(B) Rhyme with hide
A 75%, B 25%
62.2%
A 25%, B 75%
10.9%
A 50%, B 50%
18.9%
Mount Rushmore Presidents
(A) First name begins with 'T'
(B) First name doesn't begin with 'T'
A 50%, B 50%
57.7%
A 25%, B 75%
27.2%
A 75%, B 25%
7.7%
Tennis Grand Slams
(A) Hard court
(B) Clay or grass
A 50%, B 50%
56.7%
A 25%, B 75%
16.7%
A 75%, B 25%
18.7%
UK Constituent Countries
(A) Starting with a vowel
(B) Starting with a consonant
A 25%, B 75%
56.5%
A 50%, B 50%
23.9%
A 75%, B 25%
11.9%
New Testament Gospels
(A) 4 letters long
(B) More than 4 letters
A 75%, B 25%
53.8%
A 25%, B 75%
23.1%
A 50%, B 50%
15.8%
Hogwarts Houses
(A) With a Triwizard Champion
(B) Without a Champion
A 50%, B 50%
51.2%
A 25%, B 75%
22.4%
A 75%, B 25%
17.6%
Cardinal Directions
(A) In a US state name
(B) Not in any state names
A 75%, B 25%
48%
A 25%, B 75%
32.3%
A 50%, B 50%
12.1%
Countries with 'Guinea' in the Name
(A) Located outside of Africa
(B) Located in Africa
A 25%, B 75%
45.8%
A 50%, B 50%
27%
A 75%, B 25%
19.5%
Terrestrial Planets
(A) With one or more moons
(B) Without a moon
A 50%, B 50%
28.7%
A 25%, B 75%
14.5%
A 75%, B 25%
49%
Original Super Mario Kart Racers
(A) Wearing a hat
(B) Without a hat
A 25%, B 75%
24.1%
A 50%, B 50%
44.3%
A 75%, B 25%
23.3%

Today's Daily Dose

Word Ladder
Lean on Me

Get the Picture
Superhero by Villain

You're not logged in!

Compare scores with friends on all Sporcle quizzes.
OR
Log In

Sporcle TV

Today on Sporcle TV


Watch our educational content, quiz creation guides, and fun videos on Sporcle TV.

Show Comments

Extras

Top Quizzes Today


Score Distribution

Your Account Isn't Verified!

In order to create a playlist on Sporcle, you need to verify the email address you used during registration. Go to your Sporcle Settings to finish the process.

Report this User

Report this user for behavior that violates our Community Guidelines.

Details: